Survey - What is your birth month? - Statistics

General Stats
  • This quiz has been taken 31 times
  • The average score is 2 of 6
Answers on the Grid
Answers color-coded by a green-red scale on the quiz's grid according to % correct below.
Select
Select
Select
January
February
March
April
May
June
July
August
September
October
November
December
Select
Select
Select
 
Answer Stats
Answer % Correct
Select
68%
Select
52%
Select
28%
Select
24%
Select
24%
Select
20%
No matching quizzes found
Score Distribution
Percent of People with Each Score
Percentile by Number Answered
Your Score History
You have not taken this quiz